| 000 | 00324nam a2200121Ia 4500 | ||
|---|---|---|---|
| 005 | 20251222154327.0 | ||
| 008 | 251222s9999||||xx |||||||||||||| ||spa|| | ||
| 020 | _a978-9972-50-123-4 | ||
| 082 | _a633.09/M36 | ||
| 100 | _a"Medina Castro, DarÃo Emiliano" | ||
| 245 | 0 | _aDomesticación de las plantas cultivadas | |
| 942 | _cLIB | ||
| 999 |
_c34018 _d34018 |
||